The Collected Works of Ambrose Bierce — Volume 2 : (Record no. 242589)
[ view plain ]
| 000 -LEADER | |
|---|---|
| fixed length control field | 01519cam a22002773a 4500 |
| 001 - CONTROL NUMBER | |
| control field | 13334 |
| 003 - CONTROL NUMBER IDENTIFIER | |
| control field | PGUSA |
| 005 - DATE AND TIME OF LATEST TRANSACTION | |
| control field | 20140828083304.0 |
| 008 - FIXED-LENGTH DATA ELEMENTS--GENERAL INFORMATION | |
| fixed length control field | 040830s2004||||xxu|||||s|||||000 1 eng d |
| 040 ## - CATALOGING SOURCE | |
| Original cataloging agency | PGUSA |
| Language of cataloging | eng |
| 042 ## - AUTHENTICATION CODE | |
| Authentication code | dc |
| 050 #4 - LIBRARY OF CONGRESS CALL NUMBER | |
| Classification number | PS |
| 100 1# - MAIN ENTRY--PERSONAL NAME | |
| Personal name | Bierce, Ambrose, |
| Dates associated with a name | 1842-1913 |
| 245 14 - TITLE STATEMENT | |
| Title | The Collected Works of Ambrose Bierce — Volume 2 : |
| Remainder of title | In the Midst of Life: Tales of Soldiers and Civilians |
| Medium | [electronic resource] / |
| Statement of responsibility, etc | Ambrose Bierce |
| 260 ## - PUBLICATION, DISTRIBUTION, ETC. (IMPRINT) | |
| Name of publisher, distributor, etc | Project Gutenberg, |
| Date of publication, distribution, etc | 2004 |
| 505 0# - FORMATTED CONTENTS NOTE | |
| Formatted contents note | A horseman in the sky -- An occurrence at Owl Creek Bridge -- Chickamauga -- A son of the gods -- One of the missing -- Killed at Resaca -- The affair at Coulter's Notch -- The coup de grâce -- Parker Addison, philosopher -- An affair of outposts -- The story of a conscience -- One kind of officer -- One officer, one man -- George Thurston -- The mocking-bird -- The man out of the nose -- An adventure at Brownville -- The famous Gilson bequest -- The applicant -- A watcher by the dead -- The man and the snake -- A holy terror -- The suitable surroundings -- The boarded window -- A lady from Red Horse -- The eyes of the panther. |
| 506 ## - RESTRICTIONS ON ACCESS NOTE | |
| Terms governing access | Public domain in the USA. |
| 516 ## - TYPE OF COMPUTER FILE OR DATA NOTE | |
| Type of computer file or data note | Electronic text |
| 653 ## - INDEX TERM--UNCONTROLLED | |
| Uncontrolled term | Paranormal fiction |
| 653 ## - INDEX TERM--UNCONTROLLED | |
| Uncontrolled term | War stories, American |
| 653 ## - INDEX TERM--UNCONTROLLED | |
| Uncontrolled term | Horror tales, American |
| 653 ## - INDEX TERM--UNCONTROLLED | |
| Uncontrolled term | United States -- History -- Civil War, 1861-1865 -- Fiction |
| 830 #0 - SERIES ADDED ENTRY--UNIFORM TITLE | |
| Uniform title | Project Gutenberg |
| Volume number/sequential designation | 13334 |
| 856 40 - ELECTRONIC LOCATION AND ACCESS | |
| Uniform Resource Identifier | <a href="http://www.gutenberg.org/ebooks/13334">http://www.gutenberg.org/ebooks/13334</a> |
| 942 ## - ADDED ENTRY ELEMENTS (KOHA) | |
| Koha item type | eBooks |
| Withdrawn status | Lost status | Damaged status | Home library | Current library | Date acquired | Total Checkouts | Date last seen | Price effective from | Koha item type |
|---|---|---|---|---|---|---|---|---|---|
| Project Gutenberg | Project Gutenberg | 08/28/2014 | 08/28/2014 | 08/28/2014 | eBooks |